000 005900000a22001930004500
001 768714001
003 CO-MdFUSB
005 20170614144140.0
008 170614s1982 mx ||||| |||| 00| 0 spa d
022 _a0122-2996
040 _aCO-MdFUSB
_bspa
_cCO-MdFUSB
_dCO-MdFUSB
041 _aspa
100 1 _aGutiérrez Cortés, Rolando
_eautor
245 1 0 _aUn programa urbano de evangelización
300 _aVolumen 7 (1982), Páginas 1-13
_c28 cm.
546 _aTexto en español
773 0 _tBoletín Teológico
_049507
_961433
_gVolumen 7 (1982), Páginas 1-13
_qPágina 1
942 _cANA
999 _c50233
_d50233